Statistics for Every UK #1 single of the 90s, 00s & 10s - Part 2

Click here to take the quiz!

General Stats

  • This quiz has been taken 127 times
  • The average score is 127 of 260

Answer Stats

YearSongArtist% Correct
2010Bad RomanceLady Gaga
95%
2013RoarKaty Perry
90%
2012Part of MeKaty Perry
90%
2018ShallowLady Gaga and Bradley Cooper
90%
2010TelephoneLady Gaga ft Beyonce
88%
2013We Can't StopMiley Cyrus
88%
2013Wrecking BallMiley Cyrus
88%
2011The Lazy SongBruno Mars
86%
2011GrenadeBruno Mars
86%
2010Just the Way You AreBruno Mars
86%
2010Just the Way You AreBruno Mars
86%
2014SingEd Sheeran
86%
2017Shape of YouEd Sheeran
86%
2017Shape of YouEd Sheeran
86%
2014Thinking Out LoudEd Sheeran
86%
2014Thinking Out LoudEd Sheeran
86%
2017PerfectEd Sheeran
86%
2015HelloAdele
83%
2011Someone Like YouAdele
83%
2011Someone Like YouAdele
83%
2012DiamondsRihanna
83%
2010Only Girl (In the World)Rihanna
83%
2014HappyPharrell Williams
81%
2014HappyPharrell Williams
81%
2014HappyPharrell Williams
81%
2016Love YourselfJustin Bieber
78%
2015Love YourselfJustin Bieber
78%
2015SorryJustin Bieber
78%
2015What Do You Mean?Justin Bieber
78%
2015What Do You Mean?Justin Bieber
78%
2015What Do You Mean?Justin Bieber
78%
2012Call Me MaybeCarly Rae Jepsen
76%
2010California GurlsKaty Perry ft Snoop Dogg
76%
2013RoyalsLorde
76%
2012Little ThingsOne Direction
76%
2015Drag Me DownOne Direction
76%
2013One Way Or AnotherOne Direction
76%
2011What Makes You BeautifulOne Direction
76%
2012DominoJessie J
74%
2014Bang BangJessie J, Ariana Grande and Nicki Minaj
74%
2011We Found LoveRihanna ft Calvin Harris
74%
2011We Found LoveRihanna ft Calvin Harris
74%
2011What's My Name?Rihanna ft Drake
74%
20197 RingsAriana Grande
72%
2019Break Up With Your Girlfriend, I'm BoredAriana Grande
72%
20197 RingsAriana Grande
72%
2018Thank U, NextAriana Grande
72%
2014All About That BassMeghan Trainor
72%
2012PayphoneMaroon 5 ft Wiz Khalifa
71%
2012PayphoneMaroon 5 ft Wiz Khalifa
71%
2015Writing's on the WallSam Smith
71%
2014Money on My MindSam Smith
71%
2017Too Good at GoodbyesSam Smith
71%
2014Stay With MeSam Smith
71%
2013Scream & Shoutwill.i.am ft Britney Spears
71%
2014It's My Birthdaywill.i.am ft Cody Wise
71%
2013Wake Me UpAvicii
69%
2017HavanaCamila Cabello
69%
2012ParadiseColdplay
69%
2018In My FeelingsDrake
69%
2016One DanceDrake
69%
2018God's PlanDrake
69%
2018Nice For WhatDrake
69%
2015Black MagicLittle Mix
69%
2012WingsLittle Mix
69%
2011CannonballLittle Mix
69%
2016Shout Out to My ExLittle Mix
69%
2013Thrift ShopMacklemore & Ryan Lewis
69%
2012Gangnam StylePsy
69%
2010In My HeadJason Derulo
67%
2011Don't Wanna Go HomeJason Derulo
67%
2015Want to Want MeJason Derulo
67%
2011Price TagJessie J ft B.o.B
67%
2013MirrorsJustin Timberlake
67%
2011Party Rock AnthemLMFAO ft Lauren Bennett and GoonRock
67%
2014SummerCalvin Harris
66%
2015Love Me Like You DoEllie Goulding
66%
2013BurnEllie Goulding
66%
2012Somebody That I Used to KnowGotye ft Kimbra
66%
2012Somebody That I Used to KnowGotye ft Kimbra
66%
2010Please Don't Let Me GoOlly Murs
66%
2010FirefliesOwl City
66%
2013Blurred LinesRobin Thicke ft T.I and Pharrell Williams
66%
2013Blurred LinesRobin Thicke ft T.I and Pharrell Williams
66%
2017Look What You Made Me DoTaylor Swift
66%
2010OMGUsher ft will.i.am
66%
2010Nothin' on YouB.o.B ft Bruno Mars
64%
2010AirplanesB.o.B ft Hayley Williams
64%
2011We R Who We RKesha
62%
2014Uptown FunkMark Ronson ft Bruno Mars
62%
2015Uptown FunkMark Ronson ft Bruno Mars
62%
2013Counting StarsOne Republic
62%
2013Counting StarsOne Republic
62%
2010DynamiteTaio Cruz
62%
2010Forget YouCeeLo Green
60%
2011Dance With Me TonightOlly Murs
60%
2015Lay Me DownSam Smith ft John Legend
60%
2010The Time (Dirty Bit)The Black Eyed Peas
60%
2013Under ControlCalvin Harris and Alesso ft Hurts
59%
2012Sweet NothingCalvin Harris ft Florence Welch
59%
2014BlameCalvin Harris ft John Newman
59%
2017FeelsCalvin Harris ft Pharrell Williams, Katy Perry and Big Sean
59%
2010Gettin' Over YouDavid Guetta and Chris Willis ft Fergie and LMFAO
59%
2014Lovers on the SunDavid Guetta ft Sam Martin
59%
2012TitaniumDavid Guetta ft Sia
59%
2013Talk DirtyJason Derulo ft 2 Chainz
59%
2012Let Me Love YouNe-Yo
59%
2010Beautiful MonsterNe-Yo
59%
2010All Time LowThe Wanted
59%
2011Glad You CameThe Wanted
59%
2016PillowtalkZayn
59%
2013Get LuckyDaft Punk ft Pharrell Williams
57%
2017New RulesDua Lipa
57%
2012We Are YoungFun
57%
2017Sign of the TimesHarry Styles
57%
2013Somewhere Only We KnowLily Allen
57%
2013Somewhere Only We KnowLily Allen
57%
2012TroublemakerOlly Murs ft Flo Rida
57%
2011Heart Skips a BeatOlly Murs ft Rizzle Kicks
57%
2014TimberPitbull ft Kesha
57%
2011Give Me EverythingPitbull ft Ne-Yo
57%
2010Pass OutTinie Tempah
57%
2014ProblemAriana Grande ft Iggy Azalea
55%
2018SoloClean Bandit ft Demi Lovato
55%
2014Rather BeClean Bandit ft Jess Glynne
55%
2016RockabyeClean Bandit ft Sean Paul and Anne-Marie
55%
2017SymphonyClean Bandit ft Zara Larsson
55%
2018ShotgunGeorge Ezra
55%
2018ShotgunGeorge Ezra
55%
2010Love You MoreJLS
55%
2010The Club Is AliveJLS
55%
2019Old Town RoadLil Nas X
55%
2010Written in the StarsTinie Tempah ft Eric Turner
55%
2015Not Letting GoTinie Tempah ft Jess Glynne
55%
2018RiverEminem ft Ed Sheeran
53%
2013The MonsterEminem ft Rihanna
53%
2011She Makes Me WannaJLS ft Dev
53%
2012ImpossibleJames Arthur
52%
2013ImpossibleJames Arthur
52%
2016Say You Won't Let GoJames Arthur
52%
2012Hall of FameThe Script ft will.i.am
52%
2012Good FeelingFlo Rida
50%
2019Someone You LovedLewis Capaldi
50%
2015CheerleaderOMI
50%
2014I Don't CareCheryl
48%
2012Call My NameCheryl
48%
2010Club Can't Handle MeFlo Rida ft David Guetta
48%
2012Don't You Worry ChildSwedish House Mafia
48%
2011Swagger JaggerCher Lloyd
47%
2014Crazy Stupid LoveCheryl ft Tinie Tempah
47%
2012How We Do (Party)Rita Ora
47%
2014I Will Never Let You DownRita Ora
47%
2012RIPRita Ora ft Tinie Tempah
47%
2012CandyRobbie Williams
47%
2016StitchesShawn Mendes
47%
2015See You AgainWiz Khalifa ft Charlie Puth
47%
2012Turn Up the MusicChris Brown
45%
2011Stay AwakeExample
45%
2011Changed the Way You Kiss MeExample
45%
2011On the FloorJennifer Lopez ft Pitbull
45%
2015Marvin GayeCharlie Puth ft Meghan Trainor
43%
2015Hold My HandJess Glynne
43%
2015Don't Be So Hard on YourselfJess Glynne
43%
2018I'll Be ThereJess Glynne
43%
2016CloserThe Chainsmokers
43%
2017DespacitoLuis Fonsi and Daddy Yankee ft Justin Bieber
41%
2017DespacitoLuis Fonsi and Daddy Yankee ft Justin Bieber
41%
2017DespacitoLuis Fonsi and Daddy Yankee ft Justin Bieber
41%
2014She Looks So Perfect5 Seconds of Summer
40%
2010The ClimbJoe McElderry
40%
2019Sweet But PsychoAva Max
38%
2014GhostElla Henderson
38%
2010ReplayIyaz
38%
2017RockstarPost Malone ft 21 Savage
38%
2013I Could Be the OneAvicii vs Nicky Romero
36%
2012Beneath Your BeautifulLabrinth ft Emeli Sande
36%
2010When We CollideMatt Cardle
36%
2011Wishing on a StarThe X Factor Finalists
36%
2010HeroesThe X Factor Finalists
36%
2018Three LionsBaddiel, Skinner & The Lightning Seeds
34%
2012Spectrum (Say My Name)Florence and the Machine
34%
2014RudeMagic!
34%
2011All About TonightPixie Lott
34%
2014Am I WrongNico & Vinz
33%
2013Let's Get Ready To RhumblePJ & Duncan
33%
2010Promise ThisCheryl Cole
31%
2010Dirty DiscoDizzee Rascal
31%
2016I Took A Pill in IbizaMike Posner
31%
2012Hot Right NowDJ Fresh ft Rita Ora
29%
2011LouderDJ Fresh ft Sian Evans
29%
20167 YearsLukas Graham
29%
2013Waiting All NightRudimental ft Ella Eyre
29%
2018These DaysRudimental ft Jess Glynne, Macklemore and Dan Caplen
29%
2012Feel the LoveRudimental ft John Newman
29%
2010This Ain't a Love SongScouting For Girls
29%
2017I'm the OneDJ Khaled ft Justin Bieber, Quavo, Chance the Rapper and Lil Wayne
28%
2017Wild ThoughtsDJ Khaled ft Rihanna and Bryson Tiller
28%
2013AnimalsMartin Garrix
28%
2014Do They Know It's Christmas?Band Aid 30
26%
2011No RegretsDappy
26%
2013Love Me AgainJohn Newman
26%
2013La La LaNaughty Boy ft Sam Smith
26%
2010Good TimesRoll Deep
26%
2010Green LightRoll Deep
26%
2013SkyscraperSam Bailey
26%
2014These DaysTake That
26%
2013What About UsThe Saturdays ft Sean Paul
26%
2012HeatwaveWiley ft Ms D
26%
2015KingYears & Years
24%
2010OnceDiana Vickers
22%
2013I Love ItIcona Pop ft Charli XCX
22%
2011Don't Hold Your BreathNicole Scherzinger
22%
2011Read All About ItProfessor Green ft Emeli Sande
22%
2013Need U (100%)Duke Dumont
21%
2014I Got UDuke Dumont ft Jax Jones
21%
2018Freaky FridayLil Dicky ft Chris Brown
21%
2012YoungTulisa
21%
2018EastsideBenny Blanco, Halsey and Khalid
19%
2014WavesMr Probz
19%
2015Fight SongRachel Platten
19%
2010Start Without YouAlexandra Burke ft Laza Morgan
17%
2014HideawayKiesza
17%
2016Cold WaterMajor Lazer ft Justin Bieber and MO
17%
2014Nobody to LoveSigma ft Daniel Pearce
17%
2014ChangingSigma ft Paloma Faith
17%
2010We No Speak AmericanoYolanda Be Cool and DCUP
17%
2014Something I NeedBen Haenow
16%
2010Everybody HurtsHelping Haiti
16%
2018One KissCalvin Harris and Dua Lipa
14%
2018We Built This CityLadBaby
14%
2011Wherever You AreMilitary Wives
12%
2014The ManAloe Blacc
10%
2012TwilightCover Drive
10%
2012The Power of LoveGabrielle Aplin
10%
2014Prayer in CLilly Wood and Robin Schulz
10%
2014Me and My Broken HeartRixton
10%
2014My LoveRoute 94 ft Jess Glynne
10%
2010ShoutShout For England ft Dizzee Rascal and James Corden
10%
2018Funky FridayDave ft Fredo
9%
2011PromisesNero
9%
2014Gecko (Overdrive)Oliver Heldens and Becky Hill
9%
2012Bom BomSam and the Womp
9%
2015Easy LoveSigala
9%
2013Get Up (Rattle)Bingo Players ft Far East Movement
7%
2015House Every WeekendDavid Zowie
7%
2014Tsunami (Jump)DVBBS and Borgeous ft Tinie Tempah
7%
2011Loca PeopleSak Noel
7%
2018PromisesCalvin Harris and Sam Smith
5%
2018PromisesCalvin Harris and Sam Smith
5%
2012SingGary Barlow and the Commonwealth Band
5%
2015Are You With MeLost Frequencies
5%
2014I Wanna FeelSecondCity
5%
2012This is Lovewill.i.am ft Eva Simons
5%
2011Don't GoWretch 32
5%
2017Bridge Over Troubled WaterArtists for Grenfell
3%
2013Look Right ThroughStorm Queen
3%
2012He Ain't Heavy, He's My BrotherThe Justice Collective
3%
2015Turn the Music Louder (Rumble)KDA ft Tinie Tempah and Katy B
2%
2014Wake Me UpGareth Malone's All Star Choir
0%
2015A Bridge Over YouNHS Choir
0%

Score Distribution

Percentile by Number Answered

Percent of People with Each Score

Your Score History

You have not taken this quiz